000 00407nam a22001577a 4500
005 20150316162430.0
008 150316b xxu||||| |||| 00| 0 eng d
020 _a9693700570
040 _cPK-LaUMT
082 _aKHC 306.095491
_bSID-P
100 _aSiddiqui, M.H.
245 _aPakistan culture
_cM. H. Siddiqui
260 _aIslamabad
_bNational Book Foundation
_c2000
300 _a191 p.
942 _cBK
999 _c67932
_d67932